000
00259nam a22001217a 4500
008
181022b xxu||||| |||| 00| 0 eng d
041
_a
eng
080
_a
371
100
_a
36
101
_a
EDU
245
_a
English in Action
_c
Tressler, Ch
942
_2
udc
_c
BK
999
_c
50540
_d
50540